Регионална библиотека "Любен Каравелов" - Русе

Без скрупули (Запис номер 47413)

MARC детайли
000 -Лидер
Контролно поле с фиксирана дължина 01102nam a2200289 c 4500
003 - Код на организацията, давaща контролен номер
Контролно поле BLK
005 - Дата и час на последна редакция
Контролно поле 20180420221819.0
008 - Елементи от данни с фиксирана дължина
fixed length control field 180408b bul|||||r ||||||| ||bul||
010 ## - Наследен системен номер
LC control number KNG00051225000
040 ## - Източник на каталожния запис
Идентификатор на билиотеката - собственик на записа BLK
041 ## - Код за език
Код за езика на текст/звукозапис или на отделно заглавие Български
Код за езика КДБФ Български
080 ## - УДК
Текстов определител УДК Американска литература (на САЩ)
УДК код - определител по УДК 821.111(73)
УДК определител -31
УДК - код + определител 821.111(73)-31
100 1# - Редна дума - Автор
Автор Уилямс, Чарлс
Авторска отговорност първи автор
R(LIN) 281410
139 ## - Редно поле
Редна дума Уилямс, Чарлс
Авторски знак Уиля - У 40
245 10 - Сведения за заглавието
Заглавие Без скрупули
Подзаглавни данни Роман
Редно поле (дума) Чарлс Уилямс; прев. от англ. Росица Германова.
257 ## - Страна на издаване
Страна на създаване/издаване Съединени американски щати
260 ## - Област на издателските данни
-- Пловдив
Име на издателя, разпространителя и проч. Христо Г. Данов
Година на издаване 1987
Печатница В. Търново : Д. Найденов
300 ## - Физическа характеристика
Страници 250 с.
Размери/Мащаб 15 см
380 ## - Жанр
Жанр Худож. лит.
500 ## - Общи забележки
Забележка Ориг. загл. Nothing in her way / Charles Williams.
700 1# - Други автори (авторска отговорност)
Лично име Германова, Росица
Автороска отговорност (Описва отношението между автора и произведението) прев. от англ.
9 (RLIN) 246156
852 ## - Местоположение
Форматна сигнатура Цб І 23474
856 4# - Електронен адрес и достъп
Електронен формат pdf - файл
Път до файла /url/
856 4# - Електронен адрес и достъп
Електронен формат pdf - файл
Път до файла /url/
942 ## - АРТИКУЛИ
Вид на библиотечния материал Книги
Скрит в OPAC Не
944 ## - СЪЗДАВАНЕ И РЕДАКЦИЯ на ЗАПИСА
Създаване/Редакция Създаване
Дата на регистрацията/редакция 02.06.2016
Служител, извършил регистрацията/редакцията Милена_Ачева
944 ## - СЪЗДАВАНЕ И РЕДАКЦИЯ на ЗАПИСА
Създаване/Редакция Редакция
Дата на регистрацията/редакция 02.06.2016
Служител, извършил регистрацията/редакцията Милена_Ачева
999 ## - СИСТЕМНИ КОНТРОЛНИ НОМЕРА
Koha biblionumber 47413
Koha biblioitemnumber 47413
Наличности
Код за отписване Код за изгубен артикул Източник на класификационната схема Код за повреда Коз за рестрикции Код за отдаване Артикулен № Име на библиотеката - собственик Име на библиотеката, в която се намира в момента Статус (Текущо местоположение) Дата на вписване в системата Местоположение - отдел Цена в лева Инвентарен номер Систематично азбучна сигнатура Баркод Номер на екземпляра Цена в евро Служебна бележка Служебен тип на артикула
Изтеглен Не е изгубен Universal Decimal Classification Не е повреден без рестрикции заемане за дома 74546 Регионална библиотека "Любен Каравелов" Русе Регионална библиотека "Любен Каравелов" Русе Заемна - подръчен фонд 1987-01-01 Заемна - подръчен фонд 1.35 484097 П 820(73)-31/У 40 484097 1 0.69 Вид: Сф N: стар фонд Дата: 01.01.1987 Книги
Изтеглен Не е изгубен Universal Decimal Classification Не е повреден без рестрикции заемане за дома 74547 Регионална библиотека "Любен Каравелов" Русе Регионална библиотека "Любен Каравелов" Русе Заемна - подръчен фонд 1987-01-01 Заемна - подръчен фонд 1.35 484093 П 820(73)-31/У 40 484093 2 0.69 Вид: Сф N: стар фонд Дата: 01.01.1987 Книги
Изтеглен Не е изгубен Universal Decimal Classification Не е повреден без рестрикции заемане за дома 74548 Регионална библиотека "Любен Каравелов" Русе Регионална библиотека "Любен Каравелов" Русе Заемна - подръчен фонд 1987-01-01 Заемна - подръчен фонд 1.35 484095 П 820(73)-31/У 40 484095 3 0.69 Вид: Сф N: стар фонд Дата: 01.01.1987 Книги
Изтеглен Не е изгубен Universal Decimal Classification Не е повреден без рестрикции заемане за дома 74549 Регионална библиотека "Любен Каравелов" Русе Регионална библиотека "Любен Каравелов" Русе Заемна - подръчен фонд 1987-01-01 Заемна - подръчен фонд 0.00 484096 П 820(73)-31/У 40 484096 4 0.00 Вид: Сф N: стар фонд Дата: 01.01.1987 Книги
Изтеглен Не е изгубен Universal Decimal Classification Не е повреден без рестрикции заемане за дома 74550 Регионална библиотека "Любен Каравелов" Русе Регионална библиотека "Любен Каравелов" Русе Заемна - подръчен фонд 1987-01-01 Заемна - подръчен фонд 1.35 484099 П 820(73)-31/У 40 484099 5 0.69 Вид: Сф N: стар фонд Дата: 01.01.1987 Книги
  Не е изгубен Universal Decimal Classification Не е повреден само за читалня ползва се в читалня 74551 Регионална библиотека "Любен Каравелов" Русе Регионална библиотека "Любен Каравелов" Русе Хранилище 1987-01-01 Хранилище 1.35 483896 Цб І 23474 120000483896 6 0.69 Вид: Сф N: стар фонд Дата: 01.01.1987 Книги
Vip Innovations Ltd, Rousse, Bulgaria 2025